MOBILITY (Record no. 2509)
[ view plain ]
| 000 -LEADER | |
|---|---|
| fixed length control field | 00299 a2200133 4500 |
| 003 - CONTROL NUMBER IDENTIFIER | |
| control field | OSt |
| 005 - DATE AND TIME OF LATEST TRANSACTION | |
| control field | 20210713070143.0 |
| 008 - FIXED-LENGTH DATA ELEMENTS--GENERAL INFORMATION | |
| fixed length control field | 210713b ||||| |||| 00| 0 eng d |
| 020 ## - INTERNATIONAL STANDARD BOOK NUMBER | |
| International Standard Book Number | 0433001674 |
| 040 ## - CATALOGING SOURCE | |
| Transcribing agency | ALUPE UNIVERSITY |
| 050 ## - LIBRARY OF CONGRESS CALL NUMBER | |
| Classification number | RT 86.3 |
| Item number | .J83 1989 |
| 245 ## - TITLE STATEMENT | |
| Title | MOBILITY |
| 942 ## - ADDED ENTRY ELEMENTS (KOHA) | |
| Source of classification or shelving scheme | |
| Koha item type | Book |
| Suppress in OPAC | PW |
| Withdrawn status | Lost status | Source of classification or shelving scheme | Damaged status | Not for loan | Permanent Location | Current Location | Shelving location | Date acquired | Total Checkouts | Full call number | Barcode | Date last seen | Price effective from | Koha item type | Public note | Source of acquisition | Copy number |
|---|---|---|---|---|---|---|---|---|---|---|---|---|---|---|---|---|---|
| AU LIBRARY | AU LIBRARY | Open Shelf | 13.07.2021 | RT 86.3 .J83 1989 | 28004054 | 13.07.2021 | 13.07.2021 | Book | PW | ||||||||
| AU LIBRARY | AU LIBRARY | Open Shelf | 18.03.2022 | RT 86.3 .J83 1989 C2 | 28005802 | 18.03.2022 | 18.03.2022 | Book | SM | DONATION FROM MOI UNIVERSITY | 2 | ||||||
| AU LIBRARY | AU LIBRARY | Open Shelf | 18.03.2022 | RT 86.3 .J83 1989 C3 | 28006114 | 18.03.2022 | 18.03.2022 | Book | DO | DONATION FROM MOI UNIVERSITY | 3 | ||||||
| AU LIBRARY | AU LIBRARY | Open Shelf | 04.04.2022 | RT 86.3 .J83 1989 C4 | 28007723 | 04.04.2022 | 04.04.2022 | Book | MM | DONATION FROM MOI UNIVERSITY | 4 |